00471pab a2200157 454500008004000000100001500040245010200055260000900157300001500166362000900181650002800190650001200218700002200230700001500252773004600267180718b2010 xxu||||| |||| 00| 0 eng d aDi, Wenhua aAn analysis of the neighborhood impacts of a mortgage assistance program: A spatial hedonic model c2010 ap.682-725. aFall aHousing - United States aHousing aMurdoch, James C. aMa, Jielai aJournal of Policy Analysis and Management